<?xml version="1.0" encoding="UTF-8"?>
<record
    xmlns:xsi="http://www.w3.org/2001/XMLSchema-instance"
    xsi:schemaLocation="http://www.loc.gov/MARC21/slim http://www.loc.gov/standards/marcxml/schema/MARC21slim.xsd"
    xmlns="http://www.loc.gov/MARC21/slim">

  <leader>00259nam a2200097Ia 4500</leader>
  <controlfield tag="008">231107s2003    xx            000 0 und d</controlfield>
  <datafield tag="041" ind1=" " ind2=" ">
    <subfield code="a">eng</subfield>
  </datafield>
  <datafield tag="100" ind1=" " ind2=" ">
    <subfield code="a">Taylor Lesley</subfield>
  </datafield>
  <datafield tag="245" ind1=" " ind2=" ">
    <subfield code="a">Design &amp; Decorate Living Rooms</subfield>
  </datafield>
  <datafield tag="260" ind1=" " ind2=" ">
    <subfield code="a">New Zealand</subfield>
    <subfield code="b">New Holland pub.</subfield>
    <subfield code="c">2003</subfield>
  </datafield>
  <datafield tag="999" ind1=" " ind2=" ">
    <subfield code="c">926451</subfield>
    <subfield code="d">926451</subfield>
  </datafield>
  <datafield tag="952" ind1=" " ind2=" ">
    <subfield code="0">0</subfield>
    <subfield code="1">0</subfield>
    <subfield code="4">0</subfield>
    <subfield code="7">0</subfield>
    <subfield code="a">ARM</subfield>
    <subfield code="b">ARM</subfield>
    <subfield code="d">2023-11-08</subfield>
    <subfield code="g">655.00</subfield>
    <subfield code="l">0</subfield>
    <subfield code="p">ARM-A-4823</subfield>
    <subfield code="r">2023-11-08 00:00:00</subfield>
    <subfield code="w">2023-11-08</subfield>
    <subfield code="y">BK</subfield>
  </datafield>
</record>
